000 00348nam a2200157Ia 4500
003 Ost
005 20260225132551.0
008 260225s9999||||xx |||||||||||||| ||und||
040 _cfsic
041 _afre
082 _a440
100 _aRume waldekranz
_eAuteur
245 0 _aLe cinema Suédois /
245 0 _cRume waldekranz
942 _cكتاب
999 _c34126
_d34126